000 00388nam a2200169Ia 4500
008 221030s9999 xx 000 0 und d
020 _a8122422146
041 _aEnglish
082 _a105.23
100 _aS. S. Iyer
245 0 _aManaging For Value
250 _a3rd
260 _bNew Age Interantional Pub.
_aNew Delhi
_c2009
300 _a234
650 _aManagement
942 _cBK
999 _c8776
_d8776